00439nam a2200133Ia 450000500170000000800410001702000150005808200130007324500690008626000520015530000160020750000630022370000190028620241023060249.0240331s9999 xx 000 0 und d a9559068008 bANTa823 3aAn anthology of contemporary Sri lankan short stories in English aColombobEnglish Association of Sri Lankac1990 ax, 193 p ., aAn Anthology of Contemporary Sri Lankan Poetry in English. aHalpe, A.eedt